000 00758nam a2200193 i 4500
001 150926
003 ES-MaACL
005 20230906203749.0
007 t|
008 071120s1884 sp |||| | spa d
100 1 _aBorrel, Enrique.
_930577
245 1 3 _aEl salario
_b: memoria leída el día 27 de noviembre de 1884 en el Ateneo de Madrid en contestación al Grupo XI del cuestionario de la Comisión para el estudio de las cuestiones que interesan o mejoran el bienestar de las clases obreras /
_cEnrique Borrel.
260 _aMadrid :
_b[s.n.,
_c1884?]
300 _a39 p. ;
_c23 cm.
610 2 4 _aAteneo de Madrid-
_vConferencias-
_yS.XIX.
_91910
650 0 4 _aSalarios.
_916967
710 2 _aAteneo de Madrid.
_91875
852 _aES-MaACL
_jT-551-F-6
999 _c150926
_d150926